Simply beautiful photographs / (Record no. 179958)

MARC details
000 -LEADER
fixed length control field 00642nam a22002057a 4500
005 - DATE AND TIME OF LATEST TRANSACTION
control field 20210719143638.0
010 ## - LCCN (DPL NO)
LC control number B-740616
020 ## - INTERNATIONAL STANDARD BOOK NUMBER
International Standard Book Number 9781426206450
Terms of availability 2468.00
035 ## - SYSTEM CONTROL NUMBER
System control number B-740616
037 ## - SOURCE OF ACQUISITION
Source of stock number/acquisition Gift
082 ## - DEWEY DECIMAL CLASSIFICATION NUMBER
Classification number 779
100 ## - MAIN ENTRY--PERSONAL NAME
Personal name Griffiths, Annie
245 ## - TITLE STATEMENT
Title Simply beautiful photographs /
Statement of responsibility, etc by Annie Griffiths
260 ## - PUBLICATION, DISTRIBUTION, ETC. (IMPRINT)
Place of publication, distribution, etc Washington, D.C.
Name of publisher, distributor, etc National Geographic Society
Date of publication, distribution, etc 2010
270 ## - ADDRESS
Address 1145 17th Street
300 ## - PHYSICAL DESCRIPTION
Extent 503p :
Dimensions 26cm(Hb)
Other physical details ill.
700 ## - ADDED ENTRY--PERSONAL NAME
Personal name Griffiths, Annie
942 ## - ADDED ENTRY ELEMENTS (KOHA)
Institution code [OBSOLETE] dpl
Item type Reference Books
Source of classification or shelving scheme Dewey Decimal Classification
Classification part 779
Call number suffix GRI
Holdings
Withdrawn status Lost status Not for loan Collection code Home library Current library Date acquired Source of acquisition Cost, normal purchase price Full call number Barcode Copy number Cost, replacement price Koha item type Public note
      Non-fiction Central Library Central Library 19/07/2021 Gift/Eng/07-07-2021 2468.00 779 GRI B-740616 1 2468.00 Reference Books Gift

© Delhi Public Library
Hit Counter
free hit counter